[Event "MCR druzstev mladsich zaku 2019"]
[Site "Trest"]
[Date "2019.06.16"]
[Round "9.15"]
[White "Levitner, Matej"]
[Black "Hroch, Matej"]
[Result "1-0"]
[BlackElo "1376"]
[WhiteElo "1575"]
[LiveChessVersion "1.4.8"]

1. d4 {[%clk 0:25:18]} Nf6 {[%clk 0:25:17]} 2. c4 {[%clk 0:25:26]} d6
{[%clk 0:25:26]} 3. Nf3 {[%clk 0:25:29]} g6 {[%clk 0:25:35]} 4. Nc3
{[%clk 0:25:28]} Bg7 {[%clk 0:25:43]} 5. e3 {[%clk 0:25:32]} O-O {[%clk 0:25:50]}
6. Bd3 {[%clk 0:25:39]} c5 {[%clk 0:25:59]} 7. O-O {[%clk 0:25:14]} b6
{[%clk 0:25:39]} 8. d5 {[%clk 0:24:27]} Re8 {[%clk 0:25:40]} 9. Bd2
{[%clk 0:24:29]} e6 {[%clk 0:25:48]} 10. e4 {[%clk 0:24:06]} exd5
{[%clk 0:25:52]} 11. exd5 {[%clk 0:24:09]} Nbd7 {[%clk 0:25:48]} 12. Bf4
{[%clk 0:23:45]} Ne5 {[%clk 0:25:08]} 13. Nxe5 {[%clk 0:22:28]} dxe5
{[%clk 0:25:02]} 14. Bg5 {[%clk 0:22:04]} h6 {[%clk 0:24:48]} 15. Bh4
{[%clk 0:21:48]} a6 {[%clk 0:23:01]} 16. Re1 {[%clk 0:20:39]} Qd6
{[%clk 0:21:43]} 17. Qf3 {[%clk 0:19:10]} Bg4 {[%clk 0:19:32]} 18. Qe3
{[%clk 0:17:09]} Ra7 {[%clk 0:15:20]} 19. h3 {[%clk 0:15:17]} Bc8
{[%clk 0:14:48]} 20. Qf3 {[%clk 0:13:31]} Nh7 {[%clk 0:14:22]} 21. Ne4
{[%clk 0:12:47]} Qb8 {[%clk 0:12:10]} 22. Nf6+ {[%clk 0:09:24]} Bxf6
{[%clk 0:11:51]} 23. Bxf6 {[%clk 0:09:31]} Nxf6 {[%clk 0:11:36]} 24. Qxf6
{[%clk 0:09:37]} Rd7 {[%clk 0:09:15]} 25. Bxg6 {[%clk 0:07:35]} fxg6
{[%clk 0:08:07]} 26. Qxg6+ {[%clk 0:07:43]} Kf8 {[%clk 0:08:12]} 27. Qxh6+
{[%clk 0:07:45]} Rg7 {[%clk 0:08:02]} 28. Qh8+ {[%clk 0:07:43]} Kf7
{[%clk 0:07:59]} 29. Qh5+ {[%clk 0:07:47]} Kf8 {[%clk 0:08:01]} 30. Re3
{[%clk 0:07:30]} e4 {[%clk 0:07:04]} 31. Rae1 {[%clk 0:06:23]} Qe5
{[%clk 0:06:40]} 32. Qh8+ {[%clk 0:05:27]} Kf7 {[%clk 0:06:30]} 33. Rf3+
{[%clk 0:03:28]} Ke7 {[%clk 0:06:02]} 34. Qh4+ {[%clk 0:02:33]} Kd6
{[%clk 0:05:31]} 35. Qh6+ {[%clk 0:02:07]} Kc7 {[%clk 0:04:56]} 36. Qc6+
{[%clk 0:02:00]} Kb8 {[%clk 0:04:00]} 37. Rfe3 {[%clk 0:01:00]} Reg8
{[%clk 0:01:43]} 38. Qxb6+ {[%clk 0:00:28]} Bb7 {[%clk 0:01:45]} 39. g3
{[%clk 0:00:35]} Qh5 {[%clk 0:00:47]} 40. Kg2 {[%clk 0:00:25]} Rh8
{[%clk 0:00:38]} 41. h4 {[%clk 0:00:23]} Qxh4 {[%clk 0:00:41]} 42. Qd6+
{[%clk 0:00:16]} Ka8 {[%clk 0:00:45]} 43. Kf1 {[%clk 0:00:15]} Qh3+
{[%clk 0:00:26]} 44. Ke2 {[%clk 0:00:21]} Qg4+ {[%clk 0:00:19]} 45. Kd2
{[%clk 0:00:28]} Rh2 {[%clk 0:00:16]} 46. R1e2 {[%clk 0:00:23]} Rh1
{[%clk 0:00:15]} 47. Rxe4 {[%clk 0:00:22]} Qg5+ {[%clk 0:00:20]} 48. Qf4
{[%clk 0:00:25]} Qxf4+ {[%clk 0:00:18]} 49. Rxf4 {[%clk 0:00:34]} Kb8
{[%clk 0:00:24]} 50. a3 {[%clk 0:00:38]} Ra1 {[%clk 0:00:26]} 51. Rf8+
{[%clk 0:00:46]} Bc8 {[%clk 0:00:23]} 52. Kc3 {[%clk 0:00:36]} Kc7
{[%clk 0:00:26]} 53. Re7+ {[%clk 0:00:35]} Rg4 {[%clk 0:00:22]} 54. Re6
{[%clk 0:00:44]} Kd7 {[%clk 0:00:30]} 55. Rf7+ {[%clk 0:00:44]} Kd8
{[%clk 0:00:38]} 56. Ref6 {[%clk 0:00:37]} Rc1+ {[%clk 0:00:44]} 57. Kb3
{[%clk 0:00:43]} Rgxc4 {[%clk 0:00:49]} 58. Rf4 {[%clk 0:00:47]} R4c2
{[%clk 0:00:45]} 59. Rf8+ {[%clk 0:00:33]} Kd7 {[%clk 0:00:47]} 60. R4f7+
{[%clk 0:00:36]} Kd6 {[%clk 0:00:53]} 61. Rxc8 {[%clk 0:00:44]} c4+
{[%clk 0:01:01]} 62. Ka2 {[%clk 0:00:44]} Rd1 {[%clk 0:01:01]} 63. Rd8+ 1-0

[Event "MCR druzstev mladsich zaku 2019"]
[Site "Trest"]
[Date "2019.06.16"]
[Round "9.16"]
[White "Prokop, Filip"]
[Black "Zelbova, Lada"]
[Result "0-1"]
[BlackElo "1469"]
[WhiteElo "1250"]
[LiveChessVersion "1.4.8"]

1. e4 {[%clk 0:25:16]} c5 {[%clk 0:25:19]} 2. Nf3 {[%clk 0:25:25]} d6
{[%clk 0:25:27]} 3. c3 {[%clk 0:25:32]} Nf6 {[%clk 0:25:15]} 4. Be2
{[%clk 0:25:37]} Bd7 {[%clk 0:24:49]} 5. d3 {[%clk 0:25:30]} e6 {[%clk 0:24:33]}
6. O-O Be7 7. Be3 {[%clk 0:24:43]} O-O {[%clk 0:24:07]} 8. Nbd2 {[%clk 0:24:31]}
Nc6 {[%clk 0:22:34]} 9. Nb3 {[%clk 0:23:40]} Qc7 {[%clk 0:21:58]} 10. Qc2
{[%clk 0:22:26]} Rac8 {[%clk 0:21:24]} 11. Rac1 {[%clk 0:21:46]} a6
{[%clk 0:16:44]} 12. Rfd1 {[%clk 0:21:11]} b5 {[%clk 0:16:14]} 13. a3
{[%clk 0:19:48]} Qb7 {[%clk 0:15:26]} 14. Qd2 {[%clk 0:16:48]} a5
{[%clk 0:13:06]} 15. Rc2 {[%clk 0:15:53]} a4 {[%clk 0:12:55]} 16. Nc1
{[%clk 0:15:48]} d5 {[%clk 0:11:26]} 17. exd5 {[%clk 0:14:12]} exd5
{[%clk 0:11:18]} 18. Bf1 {[%clk 0:12:03]} Rfd8 {[%clk 0:07:59]} 19. Ne2
{[%clk 0:11:13]} Na5 {[%clk 0:07:49]} 20. Nc1 {[%clk 0:10:14]} Qa6
{[%clk 0:04:03]} 21. h3 {[%clk 0:07:41]} Bf5 {[%clk 0:03:24]} 22. Qe1
{[%clk 0:05:49]} Re8 {[%clk 0:02:54]} 23. Rcd2 {[%clk 0:05:28]} Rcd8
{[%clk 0:01:52]} 24. Nh4 {[%clk 0:04:56]} Be6 {[%clk 0:01:47]} 25. Nf3
{[%clk 0:04:53]} Qb7 {[%clk 0:01:10]} 26. Re2 {[%clk 0:04:34]} b4
{[%clk 0:00:52]} 27. axb4 {[%clk 0:04:00]} cxb4 {[%clk 0:01:00]} 28. d4
{[%clk 0:03:51]} bxc3 {[%clk 0:00:59]} 29. bxc3 {[%clk 0:03:58]} Nc4
{[%clk 0:01:03]} 30. Ra2 {[%clk 0:03:34]} Ra8 {[%clk 0:00:56]} 31. Bf4
{[%clk 0:03:13]} Qd7 {[%clk 0:00:39]} 32. Ne5 Nxe5 {[%clk 0:00:40]} 33. Qxe5
{[%clk 0:03:04]} Red8 {[%clk 0:00:34]} 34. Bd3 {[%clk 0:02:56]} Bd6
{[%clk 0:00:38]} 35. Qg5 {[%clk 0:02:56]} Bxf4 {[%clk 0:00:38]} 36. Qxf4
{[%clk 0:03:03]} Qd6 {[%clk 0:00:41]} 37. Qf3 {[%clk 0:03:02]} Rdc8
{[%clk 0:00:41]} 38. Ne2 {[%clk 0:03:03]} Ne4 {[%clk 0:00:40]} 39. Rc1
{[%clk 0:02:38]} a3 {[%clk 0:00:30]} 40. Qh5 {[%clk 0:02:27]} Nf6
{[%clk 0:00:37]} 41. Qf3 {[%clk 0:02:33]} Rcb8 {[%clk 0:00:38]} 42. Rcc2
{[%clk 0:02:31]} Rb1+ {[%clk 0:00:36]} 43. Rc1 {[%clk 0:02:38]} Rxc1+
{[%clk 0:00:42]} 44. Nxc1 {[%clk 0:02:47]} Rb8 {[%clk 0:00:30]} 45. Ne2
{[%clk 0:02:48]} Rb2 {[%clk 0:00:28]} 46. Ra1 {[%clk 0:02:36]} a2
{[%clk 0:00:15]} 47. Nc1 {[%clk 0:02:31]} Qa3 {[%clk 0:00:21]} 48. Qf4
{[%clk 0:02:26]} Qa7 {[%clk 0:00:22]} 49. Qd6 {[%clk 0:02:27]} Qa8
{[%clk 0:00:18]} 50. Qc5 {[%clk 0:02:20]} g6 {[%clk 0:00:16]} 51. Qe7
{[%clk 0:02:24]} Kg7 {[%clk 0:00:22]} 52. Qc5 {[%clk 0:02:23]} Nd7
{[%clk 0:00:18]} 53. Qd6 {[%clk 0:02:23]} Qb8 {[%clk 0:00:15]} 54. Qa3
{[%clk 0:02:22]} Rb1 {[%clk 0:00:13]} 55. Bxb1 {[%clk 0:02:24]} axb1=Q 56. Rxb1
{[%clk 0:02:25]} Qxb1 {[%clk 0:00:28]} 57. Kh2 {[%clk 0:02:31]} Qc2
{[%clk 0:00:35]} 58. Na2 {[%clk 0:02:33]} Qxf2 {[%clk 0:00:41]} 59. Nb4
{[%clk 0:02:36]} Qf4+ {[%clk 0:00:45]} 60. g3 {[%clk 0:02:40]} Qf2+
{[%clk 0:00:53]} 61. Kh1 {[%clk 0:02:48]} Bxh3 {[%clk 0:00:58]} 62. Qa2
{[%clk 0:02:46]} Qxa2 {[%clk 0:00:57]} 63. Nxa2 {[%clk 0:02:54]} Nf6
{[%clk 0:01:03]} 64. Kh2 {[%clk 0:02:56]} Bf5 {[%clk 0:01:11]} 65. Nb4
{[%clk 0:03:01]} Be6 {[%clk 0:01:15]} 66. Kg2 {[%clk 0:03:08]} Ne4
{[%clk 0:01:23]} 67. Na2 {[%clk 0:03:13]} Kf6 {[%clk 0:01:25]} 68. Kf3
{[%clk 0:03:18]} Kg5 {[%clk 0:01:33]} 69. Ke3 {[%clk 0:03:21]} Nxg3
{[%clk 0:01:39]} 70. Kd3 {[%clk 0:03:27]} Bf5+ {[%clk 0:01:45]} 71. Ke3
{[%clk 0:03:35]} h5 {[%clk 0:01:53]} 72. Kf2 {[%clk 0:03:43]} Ne4+
{[%clk 0:01:57]} 73. Kf3 {[%clk 0:03:48]} Bg4+ {[%clk 0:02:01]} 74. Ke3
{[%clk 0:03:52]} h4 {[%clk 0:02:09]} 75. c4 {[%clk 0:04:00]} h3 {[%clk 0:01:58]}
76. cxd5 {[%clk 0:04:05]} Nd6 {[%clk 0:02:05]} 0-1

[Event "MCR druzstev mladsich zaku 2019"]
[Site "Trest"]
[Date "2019.06.16"]
[Round "9.17"]
[White "Schmutzer, Jakub"]
[Black "Rouskova, Anezka"]
[Result "1-0"]
[BlackElo "1220"]
[WhiteElo "1348"]
[LiveChessVersion "1.4.8"]

1. e4 {[%clk 0:25:17]} e5 {[%clk 0:25:19]} 2. Nf3 {[%clk 0:25:23]} Nc6
{[%clk 0:25:27]} 3. Bc4 {[%clk 0:25:23]} Nf6 {[%clk 0:25:35]} 4. Nc3
{[%clk 0:25:26]} Nxe4 {[%clk 0:25:26]} 5. Nxe4 {[%clk 0:25:30]} d5
{[%clk 0:25:34]} 6. Bxd5 {[%clk 0:25:35]} Qxd5 {[%clk 0:25:39]} 7. Nc3
{[%clk 0:25:34]} Qd8 {[%clk 0:25:15]} 8. O-O {[%clk 0:25:42]} Bg4
{[%clk 0:25:20]} 9. h3 {[%clk 0:25:37]} Bh5 {[%clk 0:25:06]} 10. d3
{[%clk 0:25:42]} Bc5 {[%clk 0:25:09]} 11. Re1 {[%clk 0:25:45]} O-O
{[%clk 0:25:06]} 12. Ne4 {[%clk 0:23:23]} Be7 {[%clk 0:22:02]} 13. Ng3
{[%clk 0:22:36]} Bxf3 {[%clk 0:21:39]} 14. Qxf3 {[%clk 0:22:44]} Nd4
{[%clk 0:20:49]} 15. Qd1 {[%clk 0:22:22]} Bf6 {[%clk 0:16:41]} 16. Be3
{[%clk 0:20:19]} Nc6 {[%clk 0:16:31]} 17. Qg4 {[%clk 0:19:56]} g6
{[%clk 0:16:11]} 18. Ne4 {[%clk 0:18:14]} Bg7 {[%clk 0:13:34]} 19. Bg5
{[%clk 0:15:55]} Qe8 {[%clk 0:11:51]} 20. Qh4 {[%clk 0:08:46]} Qe6
{[%clk 0:07:43]} 21. Nf6+ {[%clk 0:07:59]} Bxf6 {[%clk 0:07:41]} 22. Bxf6
{[%clk 0:08:07]} Nb4 {[%clk 0:05:44]} 23. Rxe5 {[%clk 0:06:32]} Qc6
{[%clk 0:04:14]} 24. Rh5 {[%clk 0:06:07]} Qxf6 {[%clk 0:01:39]} 25. Qxf6
{[%clk 0:06:13]} gxh5 {[%clk 0:01:46]} 26. Qg5+ {[%clk 0:06:03]} Kh8
{[%clk 0:01:49]} 27. Qxh5 {[%clk 0:05:16]} Rae8 {[%clk 0:01:23]} 28. a3
{[%clk 0:03:46]} Nxc2 {[%clk 0:01:00]} 29. Rc1 {[%clk 0:03:54]} Re1+
{[%clk 0:00:31]} 30. Rxe1 {[%clk 0:04:02]} Nxe1 {[%clk 0:00:39]} 31. Qe2
{[%clk 0:03:57]} Nxd3 {[%clk 0:00:25]} 32. Qxd3 {[%clk 0:04:05]} 1-0

[Event "MCR druzstev mladsich zaku 2019"]
[Site "Trest"]
[Date "2019.06.16"]
[Round "9.18"]
[White "Day, Sophia Olivia"]
[Black "Zelba, Josef"]
[Result "0-1"]
[BlackElo "1165"]
[WhiteElo "1243"]
[LiveChessVersion "1.4.8"]

1. e4 {[%clk 0:25:13]} d5 {[%clk 0:25:19]} 2. exd5 {[%clk 0:25:19]} Nf6
{[%clk 0:25:27]} 3. d4 {[%clk 0:25:27]} Nxd5 {[%clk 0:25:34]} 4. c4
{[%clk 0:25:33]} Nf6 {[%clk 0:25:42]} 5. Nc3 {[%clk 0:25:37]} c5 {[%clk 0:25:46]}
6. Nf3 {[%clk 0:25:36]} Nc6 {[%clk 0:25:51]} 7. Be3 {[%clk 0:25:41]} cxd4
{[%clk 0:25:51]} 8. Nxd4 {[%clk 0:25:39]} e5 {[%clk 0:25:51]} 9. Nxc6
{[%clk 0:25:27]} Qxd1+ {[%clk 0:25:58]} 10. Rxd1 {[%clk 0:25:32]} bxc6
{[%clk 0:26:04]} 11. Be2 {[%clk 0:25:17]} Rb8 {[%clk 0:26:11]} 12. b3
{[%clk 0:25:22]} Bb4 {[%clk 0:26:01]} 13. Rc1 {[%clk 0:25:10]} Ne4
{[%clk 0:26:04]} 14. Bd2 {[%clk 0:24:52]} Ba3 {[%clk 0:25:58]} 15. Rd1
{[%clk 0:24:45]} Nxc3 {[%clk 0:25:52]} 16. Bxc3 {[%clk 0:24:42]} O-O
{[%clk 0:25:50]} 17. O-O {[%clk 0:24:21]} Re8 {[%clk 0:25:40]} 18. Rd3
{[%clk 0:23:53]} c5 {[%clk 0:25:34]} 19. Rfd1 {[%clk 0:22:37]} Bb7
{[%clk 0:25:16]} 20. Bg4 {[%clk 0:19:43]} h6 {[%clk 0:25:25]} 21. Ba5
{[%clk 0:18:58]} e4 {[%clk 0:25:15]} 22. Rd7 {[%clk 0:17:41]} a6 {[%clk 0:24:18]}
23. h3 {[%clk 0:15:12]} Bc6 {[%clk 0:22:35]} 24. Rc7 {[%clk 0:14:01]} Ba8
{[%clk 0:22:11]} 25. Rdd7 {[%clk 0:12:45]} Rf8 {[%clk 0:21:51]} 26. Be6
{[%clk 0:10:47]} Rbd8 {[%clk 0:20:51]} 27. Bxf7+ {[%clk 0:09:11]} Kh7
{[%clk 0:20:39]} 28. Be6 {[%clk 0:05:37]} Rxd7 {[%clk 0:20:15]} 29. Rxd7
{[%clk 0:05:35]} Bb2 {[%clk 0:19:23]} 30. Bc7 {[%clk 0:03:59]} Bd4
{[%clk 0:19:02]} 31. Bd6 {[%clk 0:02:56]} Rxf2 {[%clk 0:18:26]} 32. Kh2
{[%clk 0:02:33]} e3 {[%clk 0:18:17]} 33. Bg3 {[%clk 0:01:49]} Rxg2+
{[%clk 0:18:00]} 34. Kh1 {[%clk 0:01:26]} Rxg3+ {[%clk 0:18:08]} 35. Kh2
{[%clk 0:01:32]} Rg2+ {[%clk 0:18:12]} 36. Kh1 {[%clk 0:01:35]} Rg6+
{[%clk 0:18:20]} 37. Kh2 {[%clk 0:01:38]} Be5# 0-1